Регионална библиотека "Любен Каравелов" - Русе

Из делниците на един луд (Запис номер 539407)

MARC детайли
000 -Лидер
Контролно поле с фиксирана дължина 00902nam a2200241 c 4500
003 - Код на организацията, давaща контролен номер
Контролно поле BLK
005 - Дата и час на последна редакция
Контролно поле 20250605100320.0
008 - Елементи от данни с фиксирана дължина
fixed length control field 180409b bul|||||r ||||||| ||bul||
040 ## - Източник на каталожния запис
Идентификатор на билиотеката - собственик на записа BLK
041 ## - Код за език
Код за езика на текст/звукозапис или на отделно заглавие Български
Код за езика КДБФ Български
080 ## - УДК
Текстов определител УДК Българска литература
УДК код - определител по УДК 821.163.2
УДК определител -94
УДК - код + определител 821.163.2-94
100 1# - Редна дума - Автор
Автор Филипов, Тони
Авторска отговорност първи автор
Автор - информация (биография) Тонев, Стойко Филипов
R(LIN) 308951
139 ## - Редно поле
Редна дума Филипов, Тони
Авторски знак Фили - Ф 50
245 10 - Сведения за заглавието
Заглавие Из делниците на един луд
Редно поле (дума) Тони Филипов; ил. Христо Комарницки
Том Кн. 4
Заглавие на том 4-ти километър
257 ## - Страна на издаване
Страна на създаване/издаване България
260 ## - Област на издателските данни
Име на издателя, разпространителя и проч. б. и.
Година на издаване 2013
9 (RLIN) 441842
Място на издаване, разпространение и проч. София
300 ## - Физическа характеристика
Страници 336 с.
Размери/Мащаб 20 см
380 ## - Жанр
Жанр Худож. лит.
700 1# - Други автори (авторска отговорност)
9 (RLIN) 81693
Лично име Комарницки, Христо Иванов
856 4# - Електронен адрес и достъп
Електронен формат pdf - файл
Инструкция (цена за достъп) 0.00
Права за достъп disable
856 4# - Електронен адрес и достъп
Електронен формат pdf - файл
Инструкция (цена за достъп) 0.00
Права за достъп disable
942 ## - АРТИКУЛИ
Вид на библиотечния материал Книги
Скрит в OPAC Не
Koha issues (borrowed), all copies 3
Периодичен библиозапис Да
999 ## - СИСТЕМНИ КОНТРОЛНИ НОМЕРА
Koha biblionumber 539407
Koha biblioitemnumber 539407
944 ## - СЪЗДАВАНЕ И РЕДАКЦИЯ на ЗАПИСА
Създаване/Редакция
Дата на регистрацията/редакция Нора Радева
Служител, извършил регистрацията/редакцията 30545
Статус, дата на статуса Нора Радева
Наличности
Код за отписване Код за изгубен артикул Източник на класификационната схема Код за повреда Код за отдаване Артикулен № Име на библиотеката - собственик Име на библиотеката, в която се намира в момента Статус (Текущо местоположение) Дата на вписване в системата Местоположение - отдел Цена в лева Инвентарен номер Систематично азбучна сигнатура Баркод Цена в евро Служебен тип на артикула
  Не е изгубен Universal Decimal Classification Не е повреден заемане за дома 977053 Регионална библиотека "Любен Каравелов" Русе Регионална библиотека "Любен Каравелов" Русе Заемна - подръчен фонд 2025-06-20 Заемна - подръчен фонд 38.00 120000920731 821.163.2-94/Ф 50 Т 120000920731 19.43 Книги
Vip Innovations Ltd, Rousse, Bulgaria 2025